Bateaux/Sous-marins de fiction - Statistiques

Statistiques générales
  • Ce quiz a été pris 47 fois
    10 depuis la dernière actualisation
  • Le résultat moyen est 7 sur 41
Statistiques - réponses
Bateau/ Sous-marin Univers % Correct
Black Pearl Pirates des Caraibes
88%
(La) Licorne Les Aventures de Tintin
75%
Vogue Merry One Piece
75%
Yellow Submarine Beatles
63%
Paquebot Daisy Mario Kart
50%
Ulysses Atlantide: L'Empire perdu
38%
Batboat Batman
38%
Frégate Plasma Pokémon
38%
Egg Port Sonic The Hedgehog
38%
Atlantis ou Arcadia Albator
25%
(Le) Passeur d'Aurore Le Monde de Narnia
25%
(Le) Lion Rouge The Legend of Zelda: The Wind Waker
25%
Nautilus (sous-marin) Vingt mille lieues sous les mers
25%
Pacific Princess La croisière s'amuse
13%
RLS Legacy La Planète au trésor
13%
Argo II Les Héros de l'Olympe
13%
Péquod Moby Dick
13%
Oki Mariner My Hero Academia
13%
Queen Zenobia Resident Evil
13%
Wonder Alice de l'autre côté du miroir
0%
Jackdaw Assassin's Creed IV: Black Flag
0%
USS Barack Obama Call of Duty: Black Ops II
0%
Venture Dinotopia
0%
Perseus Dr.Stone
0%
Yangtze(-31) Fallout 4
0%
Legacy Hôtel Transylvanie 3
0%
Wet Nellie James Bond
0%
USS Statesman Just Cause 4
0%
HMS Thunder Child La Guerre des Mondes
0%
Orca Les Dents de la Mer
0%
Gone Fission Les Simpsons
0%
(L')Hispaniola L'Ile au trésor
0%
Outer Haven Metal Gear
0%
Jolly Roger Once upon a time
0%
SS Libra Pokémon XD: Le Souffle des Ténèbres
0%
Cinque Ports Robinson Crusoe
0%
Magpie's Fortune Sea of Thieves
0%
Jammy Dodger Souris City
0%
Stan O'War Souvenirs de Gravity Falls
0%
Seamoth Subnautica
0%
HMS Endurance Tomb Raider
0%
Aucun quiz correspondant
Distribution des résultats
% des personnes avec chaque résultat
Percentile par nombre de réponses
Votre historique - résultats
Vous n’avez pas pris ce quiz depuis la dernière actualisation